Подробности
| 000 -МАРКЕР |
| контрольное поле |
02189nam0a22003491 4500 |
| 001 - ИДЕНТИФИКАТОР ЗАПИСИ |
| контрольное поле |
rc\901053 |
| 005 - ИДЕНТИФИКАТОР ВЕРСИИ |
| контрольное поле |
20260407120311.0 |
| 021 ## - НОМЕР ГОСУДАРСТВЕННОЙ РЕГИСТРАЦИИ |
| Код страны |
Российская Федерация |
| Номер |
84-27774 |
| -- |
Рг7073-84 (РНБ) |
| 035 ## - ДРУГИЕ СИСТЕМНЫЕ НОМЕРА |
| Идентификатор записи |
(NLR Aleph) 006076695 |
| 100 ## - ДАННЫЕ ОБЩЕЙ ОБРАБОТКИ |
| Данные общей обработки |
20041129d1983 |||y0rusy50 ca |
| 101 0# - ЯЗЫК РЕСУРСА |
| Язык текста, звукозаписи и т.д. |
русский |
| 102 ## - СТРАНА ПУБЛИКАЦИИ ИЛИ ПРОИЗВОДСТВА |
| Страна публикации |
Российская Федерация |
| 105 ## - ПОЛЕ КОДИРОВАННЫХ ДАННЫХ: ТЕКСТОВЫЕ МАТЕРИАЛЫ, МОНОГРАФИЧЕСКИЕ |
| Кодированные данные о монографическом текстовом документе |
a j|||||||| |
| 200 1# - ЗАГЛАВИЕ И СВЕДЕНИЯ ОБ ОТВЕТСТВЕННОСТИ |
| Основное заглавие |
Уменьшение загрязнения воздушного бассейна при сжигании углеводородного топлива |
| Сведения, относящиеся к заглавию |
конспект лекций для студентов специальности 0308 "Промышленная теплоэнергетика" (специализация использование газа, мазута и защита воздушного бассейна) |
| Первые сведения об ответственности |
М.Б. Равич, А.М. Галеева |
| Последующие сведения об ответственности |
М-во высш. и сред. спец. образования СССР, Моск. ин-т нефтехим. и газовой пром-сти им. И.М. Губкина, каф. использования природ. газа и мазута |
| 210 ## - ПУБЛИКАЦИЯ, РАСПРОСТРАНЕНИЕ И ДР. |
| Место издания, распространения и т.д. |
Москва |
| Имя издателя, распространителя и т. д. |
МИНХ и ГП |
| Дата издания, распространения и т.д. |
1983 |
| 215 ## - ФИЗИЧЕСКАЯ ХАРАКТЕРИСТИКА |
| Специфическое обозначение материала и объем |
59 с. |
| Другие сведения о физической характеристике |
ил. |
| Размеры |
20 |
| 300 ## - ОБЩИЕ ПРИМЕЧАНИЯ |
| Текст примечания |
На обороте тит. л. авторы: доцент А.М. Галеева и профессор М.Б. Равич |
| 606 1# - НАИМЕНОВАНИЕ ТЕМЫ КАК ПРЕДМЕТ |
| Наименование темы |
Углеводородное топливо |
| Тематический подзаголовок |
Сжигание |
| Системный номер авторитетной/нормативной записи |
2496015 |
| Идентификатор авторитетной/нормативной записи |
RU\NLR\AUTH\661480681 |
| 606 1# - НАИМЕНОВАНИЕ ТЕМЫ КАК ПРЕДМЕТ |
| Наименование темы |
Воздух |
| Тематический подзаголовок |
Загрязнение при сжигании топлива |
| Системный номер авторитетной/нормативной записи |
1285604 |
| Идентификатор авторитетной/нормативной записи |
RU\NLR\AUTH\66213080 |
| 686 0# - ИНДЕКСЫ ДРУГИХ КЛАССИФИКАЦИЙ |
| Индекс |
О35-082н631 |
| Код системы |
|
| 686 0# - ИНДЕКСЫ ДРУГИХ КЛАССИФИКАЦИЙ |
| Индекс |
з370.2-526н6 |
| Код системы |
|
| 700 #1 - ИМЯ ЛИЦА - ПЕРВИЧНАЯ ОТВЕТСТВЕННОСТЬ |
| Код отношения |
Автор |
| Графика поля |
Кириллица |
| Материалы, к которым относится поле |
rus |
| Начальный элемент ввода |
Равич |
| Часть имени, кроме начального элемента ввода |
М. Б. |
| Даты |
1906-1993 |
| Расширение инициалов личного имени |
Марк Борисович |
| Системный номер авторитетной/нормативной записи |
271548 |
| Идентификатор авторитетной/нормативной записи |
RU\NLR\AUTH\770271604 |
| 701 #1 - ИМЯ ЛИЦА - АЛЬТЕРНАТИВНАЯ ОТВЕТСТВЕННОСТЬ |
| Начальный элемент ввода |
Галеева |
| Часть имени, кроме начального элемента ввода |
А. М. |
| Расширение инициалов личного имени |
Ариадна Михайловна |
| 712 02 - НАИМЕНОВАНИЕ ОРГАНИЗАЦИИ - ВТОРИЧНАЯ ОТВЕТСТВЕННОСТЬ |
| Код отношения |
Издатель |
| Начальный элемент ввода |
Московский институт нефтехимической и газовой промышленности им. И. М. Губкина |
| Идентификатор авторитетной/нормативной записи |
RU\NLR\AUTH\889951490 |
| Системный номер авторитетной/нормативной записи |
398936 |
| 801 #0 - ИСТОЧНИК ЗАПИСИ |
| Страна |
Российская Федерация |
| Организация |
NLR |
| Правила каталогизации |
psbo |
| 801 #1 - ИСТОЧНИК ЗАПИСИ |
| Страна |
Российская Федерация |
| Организация |
ELAR |
| Источник данных |
rusmarc |
| 801 #2 - ИСТОЧНИК ЗАПИСИ |
| Страна |
Российская Федерация |
| Организация |
NLR |
| Дата составления |
20190408 |
| Источник данных |
rusmarc |
| 852 ## - МЕСТОНАХОЖДЕНИЕ И ШИФР ХРАНЕНИЯ |
| Идентификатор организации |
NLR |
| Шифр хранения (Call Number) |
84-4/14944 |
| 942 ## - ДОПОЛНИТЕЛЬНЫЕ ЭЛЕМЕНТЫ ЗАПИСИ (АБИС) |
| Тип экземпляра АБИС |
Книга |
| 980 ## - КОЛЛЕКЦИЯ |
| Название коллекции |
Национальная библиография |